Click the Countries Starting With Vowels Quiz Stats

 Plays Quiz Updated Jul 2, 2018

Challenge
Share
Tweet
Score 0/35 Timer 06:00
2 Plays Today
% Correct
Australia
93%
United States
92.8%
India
90.3%
Argentina
88.7%
UK
84.9%
Egypt
83.6%
Iran
82.2%
Ireland
82%
Italy
81.1%
Indonesia
80.5%
Iraq
80.5%
Algeria
78.6%
Uruguay
78.2%
Ecuador
77.8%
Iceland
75.6%
Ethiopia
74.5%
Oman
73.7%
Afghanistan
72.8%
% Correct
Angola
70.9%
Austria
69.8%
Estonia
67.9%
Andorra
65.8%
Albania
65.5%
Eritrea
65%
Ukraine
63.4%
Uzbekistan
62.2%
UAE
61.2%
El Salvador
59.8%
Azerbaijan
58.9%
Uganda
57.9%
Armenia
51.2%
Israel
51.2%
Equatorial Guinea
48.3%
Antigua and Barbuda
37%
eSwatini
0.7%

You're not logged in!

Compare scores with friends on all Sporcle quizzes.
Join for Free
OR
Log In

You Might Also Like...

Show Comments

Extras

Top Quizzes Today


Score Distribution

Your Account Isn't Verified!

In order to create a playlist on Sporcle, you need to verify the email address you used during registration. Go to your Sporcle Settings to finish the process.

Report this User

Report this user for behavior that violates our Community Guidelines.

Details: